000 01115nam a2200253Ia 4500
003 OSt
005 20220930094931.0
006 a|||||r|||| 00| 0
007 ta
008 220926b |||||||| |||| 00| 0 hin d
024 _a55572
037 _cTheses
040 _aCRL
_cCRL
_bhin
041 _2hin
_ahin
100 _aमधु, ले.
110 _aदिल्ली विश्वविद्यालय. कला संकाय. हिंदी विभाग
_9556812
245 0 _aनागार्जुन एवं रेणु के उपन्यासों में अभिव्यक्त स्त्री-दृष्टि का तुलनात्मक अध्ययन।
246 _aNāgārjun evan reṇu ke upanyāsoan mean abhivyakta strī-dṛuṣhṭi kā tulanātmak adhyayana।
260 _c2016
300 _a350 पृ.
_ap.
_ccm.
700 _aदिल्ली विश्वविद्यालय. कला संकाय. हिंदी विभाग
_9556813
942 _cDIS
_2CC
999 _c887993
_d887993